| 000 | 00366nam a22001577a 4500 | ||
|---|---|---|---|
| 005 | 20160629093848.0 | ||
| 008 | 160629b xxu||||| |||| 00| 0 eng d | ||
| 020 | _a0-07-025316-1 | ||
| 041 | _aeng | ||
| 082 | _b10796 | ||
| 245 | _aHarvard Business Review Effective Communication | ||
| 260 | _bHarvard | ||
| 300 | _a196 | ||
| 650 |
_aManagement _9241 |
||
| 942 | _cBK | ||
| 999 |
_c4574 _d4572 |
||